000 00487nam a22001697a 4500
999 _c66785
_d66782
082 _aR/2CS17
100 _aAbid Hussain
100 _aRoll No. 17CS07
100 _aSupervisor - Dr. Imtiaz Ali Halepoto
245 _aA Software Based Approach to Bandwidth Aggregation.
260 _aNawabshah
_bQUEST
_c2020
300 _a28p
700 _aSajan Lakho (Roll No. 17CS49)
700 _aGhulam Hussain (Roll No. 17CS13)
700 _aSalman Haider (Roll No. 17CS11)
942 _cTHESIS